Представление документа в формате RUSMARC

ПолеНазваниеЗначение
  Тип записи a
  Библиографический уровень m
001 Контрольный номер 9869093462f940c19899cb76f5975304
005 Дата корректировки 20260703093751.7
010 Индекс ISBN __
a ISBN 978-5-907950-06-01
100 Данные общей обработки __
a Данные общей обработки 20260702d2025 m y0rusy028902 ca
101 Язык документа 0_
a Язык текста rus
102 Страна публикации __
a Страна публикации RU
105 Кодированные данные (монография) __
a Кодированные данные (монография) y z 000ay
181 Поле кодированных данных: вид содержания _0
a Код вида содержания (ISBD) i
182 Поле кодированных данных: тип средства _0
a Код типа средства (ISBD) n
200 Заглавие и сведения об ответственности 1_
a Заглавие Когда улитка влюблена
e Сведения, относящиеся к заглавию [детективный роман : перевод с китайского]
f Первые сведения об ответственности Дин Мо
203 Вид содержания и тип средства __
a Вид содержания Текст
c Тип средства непосредственный
210 Выходные данные 1_
a Место издания Санкт-Петербург
a Место издания Москва
a Место издания Минск
c Издательство Питер
d Дата издания 2025
225 Серия 2_
a Серия Серия "Сердце Азии"
330 Аннотация __
a Аннотация "Когда улитка влюблена" - это популярный детективный роман с элементами романтики от китайской писательницы Мо Дин. История рассказывает об отношениях невозмутимого детектива Цзи Бая и стажера-профайлера Сюй Сюй. В России история издана в виде двухтомника.
333 Примечание о целевом назначении __
a Примечание о целевом назначении 18+. Запрещено для детей
517 Другие варианты заглавия 1_
a Другие варианты заглавия Сердце Азии
606 Тематические рубрики __
2 Код системы nlr_sh
a Основная рубрика Художественная литература
606 Тематические рубрики __
2 Код системы nlr_sh
a Основная рубрика Литература Азии (произведения)
y Географическая подрубрика Китай
610 Ключевые слова 0_
a Ключевые слова зарубежная литература
610 Ключевые слова 0_
a Ключевые слова современная зарубежная литература
610 Ключевые слова 0_
a Ключевые слова китайская литература
610 Ключевые слова 0_
a Ключевые слова китайские детективы
610 Ключевые слова 0_
a Ключевые слова любовные детективы
610 Ключевые слова 0_
a Ключевые слова романтические детективы
610 Ключевые слова 0_
a Ключевые слова тема расследований
610 Ключевые слова 0_
a Ключевые слова тема отношений
610 Ключевые слова 0_
a Ключевые слова тема неприязни
610 Ключевые слова 0_
a Ключевые слова тема развития отношений
610 Ключевые слова 0_
a Ключевые слова развитие отношений
610 Ключевые слова 0_
a Ключевые слова детективы
610 Ключевые слова 0_
a Ключевые слова тема полицейских
610 Ключевые слова 0_
a Ключевые слова китайская полиция
610 Ключевые слова 0_
a Ключевые слова тема полиции
610 Ключевые слова 0_
a Ключевые слова тема криминала
610 Ключевые слова 0_
a Ключевые слова криминальные детективы
686 Индексы других классификаций __
2 Код системы rubbks
a Классификационный индекс 84(5Кит)6-445
700 Автор _0
a Фамилия Дин Мо
4 Код отношения 070
801 Источник записи _0
a Страна RU
b Организация Муниципальное бюджетное учреждение культуры "Централизованная библиотечная система" г. Сургут (Центральная городская библиотека им. А. С. Пушкина)
c Дата составления 20260702
g Правила каталогизации PSBO
801 Источник записи _1
a Страна RU
b Организация Муниципальное бюджетное учреждение культуры "Централизованная библиотечная система" г. Сургут (Центральная городская библиотека им. А. С. Пушкина)
c Дата составления 20260702
g Правила каталогизации PSBO
852 Данные о местонахождении __
i Авторский знак Д 46
j Шифр хранения 84(5Кит)6-445
901 Тип документа __
a Ответственный ООФиК/Губина
t Тип документа v
901 Тип документа __
a Ответственный без партии
903 Характеристики (МАРС) __
a Дата передачи 20260702
c Наименование библиотеки (МАРС) Муниципальное бюджетное учреждение культуры "Централизованная библиотечная система" г. Сургут (Центральная городская библиотека им. А. С. Пушкина)